000 00707nam a22002537a 4500
003 UA-OsUOA
001 28596
007 ta
008 20050412b un ||||| |||| 00| 0 ukr d
100 _aГоликов С.
090 _a94(47+57)
_bГ60
942 _cBK
040 _aUA-OsUOA
_brus
_cUA-OsUOA
_dUA-OsUOA
245 _aВыдающиеся победы Советской Армии в Великой Отечественной войне
300 _a309 с.
_bІлюстрації
955 _a0
041 _arus
080 _a94(47+57)
260 _aМ.
_bПолитиздат
_c1954
044 _aRU
250 _n2-е изд., испр. и доп.
650 7 _2UDC
999 _c314965
_d314965